000 00955nam a22002777a 4500
001 BR7375900
003 BR-BrBNA
005 20230928084447.0
007 ta
008 230509b bl.||||| |||| 00| 0 por d
040 _aBR-BrBNA
_bpor
_cBiblioteca Nacional de Agricultura
041 _a(Por)
072 _aE50
_b0230
_b/G514
090 _ 0230 BR7375900
110 1 _aGrupo Especial para Racionalizacao da Agroindustria Canavieira do Nordeste, Recife, PE (Brasil)
_95458
245 1 _aProjeto de sindicato modelo dos trabalhadores rurais da agroindustria canavieira do Nordeste [Brasil]
260 3 _aRecife, PE (Brasil):
_c1971.
300 _a52 p.
500 _a(*) Documento disponível no(a) Empresa Brasileira de Assistencia Tecnica e Extensao Rural, Brasilia, DF
650 _aCANA DE ACUCAR
650 _aTRABALHADOR RURAL
650 _aSINDICATO
650 _aREGIAO NORDESTE
909 _a202309
_bLucia
_c55
_dLucia Elande
942 _cBK
999 _c19105
_d19105